Statystyki dla Państwa, w których odbył się wyścig Moto GP

Kliknij tutaj aby rozwiązać quiz!

Ogólne statystyki

  • Ten quiz został rozwiązany 108 razy
  • Średni wynik to 24 z 29

Statystyki odpowiedzi

KontynentPaństwo% Poprawnych
AustraliaAustralia
100%
Ameryka PółnocnaStany Zjednoczone
99%
Ameryka PołudniowaArgentyna
98%
Ameryka PołudniowaBrazylia
98%
AzjaJaponia
96%
AzjaChiny
95%
EuropaFrancja
94%
Ameryka PółnocnaKanada
94%
EuropaNiemcy
93%
EuropaWłochy
93%
EuropaHiszpania
92%
EuropaAustria
90%
EuropaWielka Brytania
90%
EuropaPortugalia
89%
AfrykaRepublika Południowej Afryki
89%
EuropaCzechy
87%
EuropaBelgia
86%
EuropaHolandia
86%
Europa/AzjaTurcja
82%
EuropaWęgry
81%
EuropaFinlandia
80%
EuropaSzwecja
77%
EuropaSzwajcaria
75%
AzjaMalezja
71%
AzjaIndonezja
68%
AzjaKatar
68%
AzjaTajlandia
67%
Ameryka PołudniowaWenezuela
62%
EuropaJugosławia
24%

Rozkład punktacji

Percentyl według liczby udzielonych odpowiedzi

Procent ludzi z każdym wynikiem

Twoja historia wyników

Nie rozwiązałeś tego quizu